000 00433nam a2200157Ia 4500
008 230711s9999||||xx |||||||||||||| ||und||
041 _aENG
082 _a4
_bHW-C
100 _aHwang,Kai
245 0 _aAdvanced computer Architecture parallelism scalability programmability
250 _a1st . Ed.
260 _c2006
_aNew Delhi
_bTata McGraw Hill Education Limited
300 _a770
650 _aComputer Engineering
942 _cBK
999 _c4600
_d4600